=LDR 00000nam 2200000 4500 =001 INLIS000000000012804 =005 20130612104306 =008 ***********************************Ind** =035 ##$$0010-061300000012804 =041 ##$$a Ind =082 ##$$a 616.716 =090 ##$$a 616.716, Han q =100 ##$$a Hane Namcy E =245 ##$$a Qsteoparosis, Nancy E. Hane; Penerjemah, Eri D. Nasution =260 ##$$a 2001 $b Jakarta =300 ##$$a x, 184 hlm., 24 cm =650 ##$$a Qsteoporosis =700 ##$$a Nasution, Eri =700 ##$$a D =850 ##$$a NBPNMAT